| 000 | 00563nam a2200193Ia 4500 | ||
|---|---|---|---|
| 001 | 6502 | ||
| 008 | 140320s9999 xx 000 0 und d | ||
| 020 | _a0-8147-3081-7 | ||
| 040 | _cPK-LaUMT | ||
| 082 |
_a 155.8 _bCUL- |
||
| 100 | _aGoldberger, Nancy Rule, Ed. | ||
| 245 | 4 |
_aThe culture and psychology reader _cGoldberger, Nancy Rule, Ed.<>Veroff, Jody Bennet, Jt. Ed. |
|
| 260 |
_aNew York,USA: _bNew York University Press, _c1995. |
||
| 300 | _a833 p. | ||
| 546 | _aEN | ||
| 650 | _aEthnopsychology | ||
| 700 | _aVeroff, Jody Bennet, Jt. Ed. | ||
| 942 | _cBK | ||
| 999 |
_c8073 _d8073 |
||